|
|
|
|
| LEADER |
00000naa0a2200000 4500 |
| 001 |
660133 |
| 005 |
20250828131305.0 |
| 035 |
|
|
|a (RuTPU)RU\TPU\network\29083
|
| 035 |
|
|
|a RU\TPU\network\28023
|
| 090 |
|
|
|a 660133
|
| 100 |
|
|
|a 20190426d2018 k y0rusy50 ca
|
| 101 |
0 |
|
|a rus
|
| 102 |
|
|
|a RU
|
| 135 |
|
|
|a drcn ---uucaa
|
| 181 |
|
0 |
|a i
|
| 182 |
|
0 |
|a b
|
| 200 |
1 |
|
|a Оценка влияния энергетических параметров процесса плазмодинамического синтеза в системе «Fe-O» на получаемый продукт
|f М. И. Гуков, И. И. Шаненков, А. И. Циммерман (Иванов)
|
| 203 |
|
|
|a Текст
|c электронный
|
| 225 |
1 |
|
|a Физика металлов
|
| 300 |
|
|
|a Заглавие с экрана
|
| 320 |
|
|
|a [Библиогр.: с. 38 (41назв.)]
|
| 463 |
|
|
|t Физика твердого тела
|o сборник материалов XVI Российской научной студенческой конференции, Томск, 17-20 Апреля 2018
|f Национальный исследовательский Томский государственный университет (ТГУ)
|v [С. 37-38]
|d 2018
|
| 610 |
1 |
|
|a электронный ресурс
|
| 610 |
1 |
|
|a труды учёных ТПУ
|
| 610 |
1 |
|
|a плазмодинамический синтез
|
| 610 |
1 |
|
|a оксид железа
|
| 700 |
|
1 |
|a Гуков
|b М. И.
|g Максим Игоревич
|
| 701 |
|
1 |
|a Шаненков
|b И. И.
|c специалист в области электроэнергетики
|c доцент Томского политехнического университета, кандидат наук
|f 1990-
|g Иван Игоревич
|3 (RuTPU)RU\TPU\pers\31744
|9 15856
|
| 701 |
|
1 |
|a Циммерман
|b А. И.
|c специалист в области электроэнергетики
|c инженер Томского политехнического университета
|f 1996-
|g Александр Игоревич
|3 (RuTPU)RU\TPU\pers\46725
|9 22361
|
| 712 |
0 |
2 |
|a Национальный исследовательский Томский политехнический университет
|b Инженерная школа энергетики
|b Отделение электроэнергетики и электротехники (ОЭЭ)
|3 (RuTPU)RU\TPU\col\23505
|
| 801 |
|
2 |
|a RU
|b 63413507
|c 20210118
|g RCR
|
| 856 |
4 |
|
|u http://metal.tsu.ru/ssph/arfiv/SSPH_XVI_2018.pdf#page=38
|
| 942 |
|
|
|c CF
|